| 000 | 00357nam a22001457a 4500 | ||
|---|---|---|---|
| 999 |
_c15549 _d15549 |
||
| 003 | OSt | ||
| 008 | 190515b ||||| |||| 00| 0 eng d | ||
| 020 | _a9789386546661 | ||
| 082 |
_a664.01 _bRAM/FO |
||
| 100 |
_aRamanathan, N _94029 |
||
| 245 | _aFood Microbiology | ||
| 260 |
_aNew Delhi _bNew India Publishing House _c2018 |
||
| 300 | _a263 p. | ||
| 942 | _cBK | ||